Normal view MARC view
  • Jiménez García, Rosalía

Entry Nombre Personal

Number of records used in: 2

001 - NUMERO DE CONTROL

  • campo de control: 47703

003 - IDENTIFICADOR DE NUMERO DE CONTROL

  • campo de control: UPN

005 - FECHA Y HORA DE LA ÜLTIMA TRANSACCIÓN

  • campo de control: 20230131112415.0

008 - DATOS DE LONGITUD FIJA

  • campo de control de longitud fija: 230131|||az|nnaaan a aaa d

040 ## - FUENTE DE CATALOGACIÓN

  • Agencia original de catalogación: MX-MxUPN
  • Lenguaje de catalogación: spa
  • Description conventions: rda

100 1# - ENCABEZAMIENTO - NOMBRE PERSONAL

  • Nombre personal: Jiménez García, Rosalía

400 1# - VEÁSE - NOMBRE DE PERSONA

  • Personal name: García, Rosalía Jiménez

670 ## - FUENTE EN LA QUE SE LOCALIZARON DATOS

  • Cita de la fuente: Xatichiwin tutunaku, 1994:
  • Información localizada: página legal (Rosalía Jiménez García)

902 ## - CATALOGADOR

  • Catalogador: VAGG/310123